| 000 | 01344nam0a22002411 4500 | ||
|---|---|---|---|
| 001 | rc\3210350 | ||
| 005 | 20260408014340.0 | ||
| 035 | _a(NLR Aleph) 007358497 | ||
| 090 |
_a6283132 _c6283132 |
||
| 100 | _a20130115d1976 |||y0rusy50 ca | ||
| 101 | 0 | _arus | |
| 102 | _aRU | ||
| 105 | _ay z ||||| | ||
| 200 | 1 | _aМатериалы семинара-совещания работников предприятий Главного управления "О ходе выполнения решения бюро МГК КПСС от 24 декабря 1975 г. по экономии трудовых ресурсов и закреплению кадров" | |
| 210 |
_aМосква _cБ. и. _d[1976] |
||
| 215 |
_a35 с. _d21 |
||
| 333 | _aДСП. Экз. № 8 | ||
| 710 | 0 | 2 |
_aМосковское главное управление промышленности строительных материалов и строительных деталей _bСеминар-совещание "О ходе выполнения решения бюро МГК КПСС от 24 декабря 1975 г. по экономии трудовых ресурсов и закреплению кадров" _f1976 _3RU\NLR\AUTH\8810177183 _9850519 |
| 801 | 0 |
_aRU _bNLR _gpsbo |
|
| 801 | 1 |
_aRU _bELAR _2rusmarc |
|
| 852 |
_aNLR _j76-50К/5703 |
||
| 942 | _cBOOK | ||
| 980 | _aNB | ||